| 000 | 00559nam a2200169 i 4500 | ||
|---|---|---|---|
| 001 | 37924 | ||
| 003 | ES-MaACL | ||
| 005 | 20230906155651.0 | ||
| 007 | t| | ||
| 008 | 030224s1960 sp ||||1| spa d | ||
| 100 | 1 |
_aCaillaut, R. _933459 |
|
| 245 | 1 | 0 |
_aCurso de electricidad práctica / _cpor R. Caillaut ; cuarta edición ampliada y puesta al día por Francisco J. Girona. |
| 260 |
_aBarcelona, etc. : _bJosé Montesó, _c1960. |
||
| 300 |
_aXII, 330 p. : _bil. ; _c22 cm. |
||
| 700 | 1 |
_aGirona, Francisco J. _957278 |
|
| 852 |
_aES-MaACL _jC-18487 _bR.46344 |
||
| 999 |
_c37924 _d37924 |
||